000 00371nam a22001217a 4500
008 230612b xxu||||| |||| 00| 0 eng d
082 _a354.676
_bGOK
245 _a2006/2007 Estimates of Recurrent Expenditure of the Government of Kenya for the Year Ending 30th June, 2007
260 _aNairobi,Kenya
_bGOK
_cJune,2006
300 _aIX,675p
440 _vI
942 _2ddc
_cBK
999 _c1026
_d1026